Interuniversity cooperation program Proposal for collaboration between the Faculty of Medicine of Can Tho University Viejtnam and the University of Nijmegen and the University of Limburg the Netherlands,Upgrading teaching and research in economics, business and law; Financial declaration period 01/01/1997-30/09/1997.-- Project MHO9

Na minha lista:
Detalhes bibliográficos
Autor principal: Can Tho University
Formato: Livro
Idioma:Undetermined
Publicado em: Cần Thơ Trường Đại học Cần Thơ 2000
Assuntos:
Tags: Adicionar Tag
Sem tags, seja o primeiro a adicionar uma tag!
Thư viện lưu trữ: Trung tâm Học liệu Trường Đại học Cần Thơ
LEADER 00927nam a2200193Ia 4500
001 CTU_42565
008 210402s9999 xx 000 0 und d
082 |a 378.1 
082 |b M617u 
100 |a Can Tho University 
245 0 |a Interuniversity cooperation program 
245 0 |b Proposal for collaboration between the Faculty of Medicine of Can Tho University Viejtnam and the University of Nijmegen and the University of Limburg the Netherlands,Upgrading teaching and research in economics, business and law; Financial declaration period 01/01/1997-30/09/1997.-- Project MHO9 
245 0 |c Can Tho University,The University of Nijmegen,The University of Limburg 
260 |a Cần Thơ 
260 |b Trường Đại học Cần Thơ 
260 |c 2000 
650 |a universities and colleges - vietnam 
904 |i Nguyễn Quang Điền, 010704 
980 |a Trung tâm Học liệu Trường Đại học Cần Thơ